Sports Quiz

Random Sports Quiz

Players With 55 Home Runs In A Season Quiz Stats

 Plays Quiz not verified by Sporcle

Score 0/18 Timer 01:00
0 Plays Today
Year Player % Correct
2001Sammy Sosa
99.1%
1999Sammy Sosa
99.1%
1998Sammy Sosa
99.1%
1927Babe Ruth
98.4%
1921Babe Ruth
98.4%
1999Mark McGwire
98.4%
1998Mark McGwire
98.4%
1997Mark McGwire
98.4%
2001Barry Bonds
97.4%
Year Player % Correct
1961Roger Maris
93.7%
1998Ken Griffey Jr.
86.3%
1997Ken Griffey Jr.
86.3%
2006Ryan Howard
84.9%
2001Luis Gonzalez
79.3%
2002Alex Rodriguez
79.3%
1932Jimmie Foxx
73.5%
1938Hank Greenberg
60.1%
1930Hack Wilson
49.3%

You're not logged in!

Compare scores with friends on all Sporcle quizzes.
OR
Log In

Show Comments

Extras

Created Oct 13, 2010SourceReportNominate
Tags:home, player, run, season, team

Top Quizzes Today


Score Distribution

Your Account Isn't Verified!

In order to create a playlist on Sporcle, you need to verify the email address you used during registration. Go to your Sporcle Settings to finish the process.

Report this User

Report this user for behavior that violates our Community Guidelines.

Details: